Datum a čas kvízu
21.5
Celkem bodů
Celkový počet nahraných bodů na tomto kvízu bez doplňovacích otázek.
8.
Pořadí na kvízu
Konečné umístění týmu na tomto kvízu.
Zaznamenané odpovědi
| # | Otázka | Odpověď | Body | Výsledky |
|---|---|---|---|---|
| 1. | Minulý týden napadli hackeři f... | dopravy | 1 | |
| 2. | Jeden polský autobusový doprav... | Hel | 0 | |
| 3. | Minulý týden došlo k útěku dev... | Děčín, makak | 0.5 | |
| 4. | Ve středu oznámil český minist... | Zdeněk Nekula, Marek Výborný | 1 | |
| 5. | Který tým získal minulý týden... | Vegas (Golden Knights) | 1 | |
| 6. | V následujících otázkách se bu... | Pangea, Gondwanu | 0.5 | |
| 7. | Seřaďte následující minerály p... | 1B 2A 3D 4C | 1 | |
| 8. | Která vyvřelá hornina, běžně n... | čedič (bazalt) | 1 | |
| 9. | Součástí geologických věd je t... | na Islandu, v Norsku | 0.5 | |
| 10. | Jak se nazývá nejmladší geolog... | holocén | 0 |